Pikers - Budda - Statystyki

Ogólne statystyki
  • Ten quiz został rozwiązany 3 razy
  • Średni wynik to 2 z 8
Statystyki odpowiedzi
Budda % Poprawnych
Pan Władza
100%
Budda
50%
Manipulantka
0%
Ruchy
0%
Schyłek Dusz
0%
Sztyft
0%
Wieloryb
0%
Zdobyć Kraj
0%
Nie znaleziono quizów pasujących do podanych kryteriów
Rozkład punktacji
Procent ludzi z każdym wynikiem
Percentyl według liczby udzielonych odpowiedzi
Twoja historia wyników
Nie rozwiązałeś tego quizu